01353nas a2200241Ia 4500001001100000003001000011008004100021040002500062041001300087100004400100210002500144222002500169245004000194250001100234260008800245300001100333310001200344362003400356500029500390501011400685520029500799650001701094L263-47635IT-CnALBA170116c99999999xx |||||||||||| ||und|| aIT-CnALBAcIT-CnALBA aITALIANO aMARTINI M. CARLO, SJ., CARD. DI MILANO. aLUOGHI DELL'INFINITO aLUOGHI DELL'INFINITO 0aLUOGHI DELL'INFINITO. MAGGIO 1998.  a1a ed. aMILANObAVVENIRE NUOVA ED. ITALIANA c1998 [1° Ed.:1998 - Ed.Ling.Originale: 1998] a82 p.  aMENSILE aFascicolo: 8 / Anno: 2 (1998) aMILANO, UN MUSEO PER LA CITTÀ. MESSICO, GLI ULTIMI INDIOS. CALABRIA, FORESTA DEGLI ASCETI. I VOLTI DELLO SPIRITO. VICINI E VERSO IL III MILLENNIO. PAROLE E VENTO, SACRA SCRITTURA. IL CREATO SPECCHIO DELL'INVISIBILE. LO SPIRITO E I SUOI TESTIMONI, LARINI R. CERI PER GUBBIO, SIMONCELLI P.  aSocietà San Paolo EM - Piazza San Paolo, 14 - 12051 ALBA (CN) (non commercial uses only) ® Copyright 2017 aMILANO, UN MUSEO PER LA CITTÀ. MESSICO, GLI ULTIMI INDIOS. CALABRIA, FORESTA DEGLI ASCETI. I VOLTI DELLO SPIRITO. VICINI E VERSO IL III MILLENNIO. PAROLE E VENTO, SACRA SCRITTURA. IL CREATO SPECCHIO DELL'INVISIBILE. LO SPIRITO E I SUOI TESTIMONI, LARINI R. CERI PER GUBBIO, SIMONCELLI P.  aLUOGHI SACRI